Ancient Greek Tragedies Quiz Stats

 Plays Quiz not verified by Sporcle

Score 0/31 Timer 12:00
0 Plays Today
playwright play % Correct
SophoclesAntigone
86%
SophoclesKing Oedipus
85.6%
EuripidesMedea
74.6%
AeschylusAgamemnon
74.2%
SophoclesElectra
69.2%
EuripidesElectra
69.2%
SophoclesOedipus at Colonus
64.2%
EuripidesOrestes
58.9%
AeschylusThe Libation Bearers
56.5%
EuripidesThe Trojan Women
56.2%
AeschylusThe Persians
53.8%
AeschylusThe Eumenides
53.5%
SophoclesAias
49.8%
EuripidesThe Bacchantes
49.5%
EuripidesHerakles
49.2%
AeschylusSeven against Thebes
48.2%
playwright play % Correct
EuripidesHippolytus
42.5%
EuripidesHelen
38.1%
SophoclesPhiloctetes
36.8%
EuripidesIphigenia in Aulis
35.5%
EuripidesAlcestis
34.4%
EuripidesHecuba
33.4%
EuripidesIphigenia in Tauris
33.1%
EuripidesIon
33.1%
EuripidesAndromache
29.8%
EuripidesThe Suppliants
28.8%
SophoclesWomen of Trachis
27.4%
AeschylusThe Suppliants
25.1%
EuripidesHerakles' Children
24.4%
EuripidesThe Phoenician Women
21.1%
EuripidesRhesus
19.7%

You're not logged in!

Compare scores with friends on all Sporcle quizzes.
OR
Log In

Show Comments

Extras

Top Quizzes Today


Score Distribution

Your Account Isn't Verified!

In order to create a playlist on Sporcle, you need to verify the email address you used during registration. Go to your Sporcle Settings to finish the process.

Report this User

Report this user for behavior that violates our Community Guidelines.

Details: